|
|
|
|
| LEADER |
01167naa a2200241 i 4500 |
| 001 |
acta83846 |
| 005 |
20240415102321.0 |
| 008 |
240415s2023 hu o 1|| hun d |
| 020 |
|
|
|a 978-963-306-928-8
|
| 040 |
|
|
|a SZTE Egyetemi Kiadványok Repozitórium
|b hun
|
| 041 |
|
|
|a hun
|
| 100 |
1 |
|
|a Gál József
|
| 245 |
1 |
2 |
|a A Covid-19 hatása a globális logisztikai folyamatokra
|h [elektronikus dokumentum] :
|b [absztrakt] /
|c Gál József
|
| 260 |
|
|
|a SZTE Mérnöki Kar
|b Szeged
|c 2023
|
| 300 |
|
|
|a 46
|
| 490 |
0 |
|
|a Műszaki, technológiai és gazdasági kihívások a 21. században : nemzetközi magyar nyelvű tudományos konferencia
|
| 650 |
|
4 |
|a Társadalomtudományok
|
| 650 |
|
4 |
|a Közgazdasági és gazdálkodástudományok
|
| 650 |
|
4 |
|a Társadalom- és gazdaságföldrajz
|
| 695 |
|
|
|a Koronavírus járvány hatása - élelmiszerellátás - előadáskivonat, Koronavírus járvány hatása - logisztika - előadáskivonat
|
| 700 |
0 |
1 |
|a Sós Máté
|e aut
|
| 711 |
|
|
|a Műszaki, technológiai és gazdasági kihívások a 21. században
|c Szeged
|d 2023. március 31.
|
| 856 |
4 |
0 |
|u http://acta.bibl.u-szeged.hu/83846/1/mtg_kihivasok_konf_2023_046.pdf
|z Dokumentum-elérés
|